कधी बहर कधी शिशिर (Record no. 74687)

MARC details
000 -LEADER
fixed length control field 00652nam a2200181Ia 4500
008 - FIXED-LENGTH DATA ELEMENTS--GENERAL INFORMATION
fixed length control field 090123s9999 xx 000 0 und d
082 ## - DEWEY DECIMAL CLASSIFICATION NUMBER
Item number 36616
Classification number 921.423/देव
100 ## - MAIN ENTRY--PERSONAL NAME
Personal name देव यशवंत त्र्यंबक
245 ## - TITLE STATEMENT
Title कधी बहर कधी शिशिर
250 ## - EDITION STATEMENT
Edition statement 1
260 ## - PUBLICATION, DISTRIBUTION, ETC. (IMPRINT)
Name of publisher, distributor, etc अनघा प्रकाशन
Date of publication, distribution, etc 2004
300 ## - PHYSICAL DESCRIPTION
Extent 159
600 ## - SUBJECT ADDED ENTRY--PERSONAL NAME
Personal name देव यशवंत त्र्यंबक
630 ## - SUBJECT ADDED ENTRY--UNIFORM TITLE
Uniform title कधी बहर कधी शिशिर
700 ## - ADDED ENTRY--PERSONAL NAME
Personal name देव यशवंत त्र्यंबक
730 ## - ADDED ENTRY--UNIFORM TITLE
Uniform title कधी बहर कधी शिशिर
942 ## - ADDED ENTRY ELEMENTS (KOHA)
Koha item type Book
Holdings
Withdrawn status Lost status Damaged status Not for loan Home library Current library Date acquired Cost, normal purchase price Total Checkouts Full call number Barcode Date last seen Cost, replacement price Price effective from Koha item type
        Jawahar Wachalanalaya, Kalwa Jawahar Wachalanalaya, Kalwa 05/22/2004 160.00   36616 KLW-36616 01/23/2009 160.00 01/23/2009 Book